00397 a2200121 4500001001000000005001700010008004100027245008000068100001600148700002200164773007200186999001700258ART_1170320260410161859.0260409a 10aOptions in income support for the aged A critique of the two-tier approach1 aHabib, Jack1 aLerman, Robert I.0 tJournal of public economicsg- Vol. 11, NÂș 2 (abr. 1979)wREV11485 c25754d25754